| 000 | 00769nam a2200229 i 4500 | ||
|---|---|---|---|
| 001 | 134484 | ||
| 003 | ES-MaACL | ||
| 005 | 20251210185542.0 | ||
| 007 | t| | ||
| 008 | 070911s1914 sp ||||1| spa d | ||
| 080 | _a1(4)(091) | ||
| 100 | 1 |
_aWeber, Alfred. _9116250 |
|
| 245 | 1 | 0 |
_aHistoria de la filosofía europea / _cpor Alfredo Weber ; traducida de la séptima edición alemana por Manuel Núñez Arenas. |
| 260 |
_aMadrid : _bDaniel Jorro, _c1914. |
||
| 300 |
_a657 p. ; _c24 cm. |
||
| 490 | 1 | _aBiblioteca científico-filosófica | |
| 650 | 4 |
_aFilosofía- _vHistoria. _9158248 |
|
| 700 | 1 |
_aNúñez de Arenas, Manuel, _d1886-1951 _9175837 |
|
| 830 | 1 |
_aBiblioteca científico-filosófica _9181885 |
|
| 852 | 4 |
_aES-MaACL _jB-9862 |
|
| 999 |
_c134484 _d134484 |
||